Plan Nacional de la Lectura 2015-2020
Salvato in:
| Ente Autore: | |
|---|---|
| Natura: | Libro |
| Lingua: | spagnolo |
| Pubblicazione: |
Santiago
CNCA
2015
|
| Edizione: | 1a. ed |
| Soggetti: | |
| Tags: |
Aggiungi Tag
Nessun Tag, puoi essere il primo ad aggiungerne!!
|
MARC
| LEADER | 00000cam a2200000 a 4500 | ||
|---|---|---|---|
| 001 | UCD9845 | ||
| 003 | CL-VaPUC | ||
| 008 | 170709e20150000cl |||||||||||||||||spa|d | ||
| 082 | 0 | 4 | |a 372.41 |b CON |2 21 |
| 110 | 2 | |a Consejo Nacional de la Cultura y las Artes |e author |9 593606 | |
| 245 | 1 | 0 | |a Plan Nacional de la Lectura 2015-2020 |
| 250 | |a 1a. ed | ||
| 300 | |a 108 p | ||
| 942 | |c BK | ||
| 945 | |d 20170709 17:01:00 |a dcastane | ||
| 260 | |a Santiago |b CNCA |c 2015 | ||
| 650 | 0 | |a Enseñanza de la lectura |9 308364 | |
| 650 | 0 | |a Fomento de la lectura |9 550607 | |
| 650 | 0 | |a Política gubernamental |9 262286 | |
| 583 | |a last modification |c 20170709 17:01:00 |k Rodrigo Vera | ||
| 999 | |c 368864 |d 368862 | ||
| 952 | |0 0 |1 0 |3 erb |4 0 |6 372_410000000000000_CON_2015 |7 0 |8 A |9 484315 |a BIBEDU |b BIBEDU |c ES_NOD |i 5404002 |o 372.41 CON 2015 |p 5404002 |r 2023-08-09 |w 2019-11-24 |y BK |z Catalogado en:20170709 |k LIT | ||
| 952 | |0 0 |1 0 |3 erb |4 0 |6 372_410000000000000_CON_2015 |7 0 |8 A |9 484316 |a BIBEDU |b BIBEDU |c ES_NOD |i 5404010 |o 372.41 CON 2015 |p 5404010 |r 2023-08-09 |w 2019-11-24 |y BK |z Catalogado en:20170709 |k LIT | ||